[Event "Florianopolis Autumn op U1800"]
[Site "Florianopolis"]
[Date "2022.05.14"]
[Round "4"]
[White "Ferreira, Angelo Augusto Pach"]
[Black "Venter, Paulo Regis"]
[Result "1-0"]
[WhiteElo "1746"]
[BlackElo "1580"]
[PlyCount "73"]
[EventDate "2022.05.13"]
[EventType "swiss"]
[EventRounds "6"]
[EventCountry "BRA"]
[SourceTitle "CBM 208 Extra"]
[Source "ChessBase"]
[SourceDate "2022.07.31"]
[SourceVersion "1"]
[SourceVersionDate "2022.07.31"]
[SourceQuality "1"]

1. d4 Nf6 2. c4 e6 3. Nc3 Bb4 4. f3 d5 5. a3 Bxc3+ 6. bxc3 c5 7. cxd5 exd5 8. e3 0-0 9. Bd3 Re8 10. Ne2 b6 11. 0-0 Bb7 12. Ng3 cxd4 13. cxd4 Ba6 14. Bxa6 Nxa6 15. Qd3 Nc7 16. Bb2 Qd7 17. Rae1 Re6 18. e4 Qb5 19. Qc2 Rc6 20. Qf2 Rc8 21. e5 Nfe8 22. Nf5 Kf8 23. a4 Qb4 24. Re3 Qxa4 25. Ba3+ Kg8 26. Ne7+ Kh8 27. Nxc8 Ne6 28. Ne7 Rc2 29. Qh4 Qc4 30. Nf5 b5 31. Qe7 N8c7 32. Bd6 h6 33. Qxf7 Qa2 34. Qg6 Ne8 35. Ra3 Qb2 36. Rxa7 Nxd6 37. exd6 1-0

[Event "Florianopolis op 8th"]
[Site "Florianopolis"]
[Date "2022.01.24"]
[Round "1"]
[White "Nogueira, Ivan Kuhlmann"]
[Black "Ferreira, Angelo Augusto Pach"]
[Result "1-0"]
[WhiteElo "2186"]
[BlackElo "1647"]
[PlyCount "61"]
[EventDate "2022.01.24"]
[EventType "swiss"]
[EventRounds "10"]
[EventCountry "BRA"]
[SourceTitle "CBM 206 Extra"]
[Source "ChessBase"]
[SourceDate "2022.03.31"]
[SourceVersion "1"]
[SourceVersionDate "2022.03.31"]
[SourceQuality "1"]

1. e4 e5 2. Nf3 Nf6 3. d3 Nc6 4. g3 Bc5 5. Bg2 d6 6. 0-0 Bg4 7. h3 Bh5 8. c3 Bb6 9. Qe1 Qd7 10. Kh2 Bxf3 11. Bxf3 h5 12. Kg2 h4 13. Rh1 Nd8 14. Na3 Ne6 15. Nc4 g5 16. a4 c5 17. Ne3 0-0-0 18. Nd5 Rh6 19. a5 Bc7 20. Qd1 Rg8 21. Bg4 c4 22. Nxf6 Rxf6 23. dxc4 Qc6 24. Qd5 Kb8 25. b4 Qe8 26. a6 Qc8 27. axb7 Qxb7 28. Be3 a6 29. Ra2 Nd8 30. Rha1 Qxd5 31. cxd5 1-0

[Event "Pan American-ch U1700"]
[Site "Timbo"]
[Date "2021.12.04"]
[Round "8"]
[White "Sampaio, Andre Luiz"]
[Black "Ferreira, Angelo Augusto Pach"]
[Result "0-1"]
[WhiteElo "1649"]
[BlackElo "1614"]
[PlyCount "58"]
[EventDate "2021.12.01"]
[EventType "swiss"]
[EventRounds "9"]
[EventCountry "BRA"]
[SourceTitle "CBM 205 Extra"]
[Source "ChessBase"]
[SourceDate "2022.01.31"]
[SourceVersion "1"]
[SourceVersionDate "2022.01.31"]
[SourceQuality "1"]

1. Nf3 Nf6 2. g3 d5 3. Bg2 g6 4. b3 Bg7 5. Bb2 0-0 6. 0-0 Nbd7 7. d4 Ne4 8. Nfd2 Nxd2 9. Nxd2 Nf6 10. c4 c6 11. e3 Bf5 12. Nf3 Rc8 13. Ne5 h5 14. h4 Qa5 15. a3 Rfd8 16. b4 Qa6 17. Qb3 Ne4 18. Rfd1 Bxe5 19. dxe5 dxc4 20. Qa2 c3 21. Rxd8+ Rxd8 22. Bc1 Rd1+ 23. Kh2 Rf1 24. f3 Rf2 25. fxe4 Rxa2 26. Rxa2 Qc4 27. Rc2 Qd3 28. Rf2 Bxe4 29. Bf1 Qd1 0-1

[Event "Pan American-ch U1700"]
[Site "Timbo"]
[Date "2021.12.02"]
[Round "3"]
[White "Frohlich, Mateus Henrique"]
[Black "Ferreira, Angelo Augusto Pach"]
[Result "1-0"]
[WhiteElo "1559"]
[BlackElo "1614"]
[PlyCount "68"]
[EventDate "2021.12.01"]
[EventType "swiss"]
[EventRounds "9"]
[EventCountry "BRA"]
[SourceTitle "CBM 205 Extra"]
[Source "ChessBase"]
[SourceDate "2022.01.31"]
[SourceVersion "1"]
[SourceVersionDate "2022.01.31"]
[SourceQuality "1"]

1. e4 e5 2. Bc4 Nf6 3. d3 c6 4. Qe2 Qc7 5. Nc3 Bb4 6. Bd2 0-0 7. Nf3 Rd8 8. a3 Be7 9. Bb3 h6 10. 0-0 d6 11. h3 Nbd7 12. Nh2 Nc5 13. Ba2 d5 14. Rae1 d4 15. Nd1 Be6 16. Bxe6 Nxe6 17. Ng4 Nf4 18. Nxf6+ Bxf6 19. Qg4 g5 20. g3 Ng6 21. f4 gxf4 22. gxf4 Kh7 23. fxe5 Bxe5 24. Qf5 f6 25. Nf2 Kh8 26. Bxh6 Rg8 27. Ng4 Qh7 28. Kh1 Nh4 29. Qh5 Rxg4 30. hxg4 Rg8 31. Qxh4 Rg6 32. g5 Kg8 33. Rf5 Qc7 34. Ref1 Qh7 1-0

[Event "Florianopolis op 6th"]
[Site "Florianopolis"]
[Date "2020.01.21"]
[Round "2"]
[White "Ferreira, Angelo Augusto Pach"]
[Black "Fugimoto, Rafael Aoki"]
[Result "1-0"]
[WhiteElo "1547"]
[BlackElo "1232"]
[PlyCount "51"]
[EventDate "2020.01.20"]
[EventType "swiss"]
[EventRounds "10"]
[EventCountry "BRA"]
[SourceTitle "CBM 194 Extra"]
[Source "ChessBase"]
[SourceDate "2020.03.31"]
[SourceVersion "1"]
[SourceVersionDate "2020.03.31"]
[SourceQuality "1"]

1. d4 c5 2. d5 d6 3. Nc3 a6 4. a4 Nf6 5. Nf3 g6 6. e4 Qc7 7. Be2 Bg7 8. 0-0 0-0 9. Nd2 Nbd7 10. a5 Nb8 11. Nc4 Nfd7 12. Na4 Ra7 13. Nab6 Nxb6 14. axb6 Qd7 15. bxa7 b5 16. axb8Q Bb7 17. Qa7 bxc4 18. Bxc4 Qc7 19. Bxa6 Ra8 20. Qxb7 Qxb7 21. Bxb7 Rxa1 22. Qg4 Bd4 23. Bh6 Rxf1+ 24. Kxf1 f6 25. Qc8+ Kf7 26. Qf8# 1-0

[Event "Florianopolis Winter op 5th"]
[Site "Florianopolis"]
[Date "2019.09.01"]
[Round "6"]
[White "Ferreira, Angelo Augusto Pach"]
[Black "Silva, Guilherme Henrique"]
[Result "1/2-1/2"]
[WhiteElo "1369"]
[BlackElo "1608"]
[PlyCount "32"]
[EventDate "2019.08.30"]
[EventType "swiss"]
[EventRounds "7"]
[EventCountry "BRA"]
[SourceTitle "EXT 2020"]
[Source "ChessBase"]
[SourceDate "2019.10.17"]
[SourceVersion "1"]
[SourceVersionDate "2019.10.17"]
[SourceQuality "1"]

1. d4 Nf6 2. c4 g6 3. Nc3 Bg7 4. e4 d6 5. f3 0-0 6. Be3 Nbd7 7. Qd2 Re8 8. 0-0-0 e5 9. d5 b6 10. Nge2 a5 11. g4 Nc5 12. Ng3 Nfd7 13. h4 Ba6 14. h5 Qe7 15. Qh2 Nf8 16. Be2 Rab8 1/2-1/2

[Event "Florianopolis Winter op 5th"]
[Site "Florianopolis"]
[Date "2019.08.30"]
[Round "1"]
[White "Bassani, Jaison Jose"]
[Black "Ferreira, Angelo Augusto Pach"]
[Result "1-0"]
[WhiteElo "1959"]
[BlackElo "1369"]
[PlyCount "69"]
[EventDate "2019.08.30"]
[EventType "swiss"]
[EventRounds "7"]
[EventCountry "BRA"]
[SourceTitle "EXT 2020"]
[Source "ChessBase"]
[SourceDate "2019.10.17"]
[SourceVersion "1"]
[SourceVersionDate "2019.10.17"]
[SourceQuality "1"]

1. e4 e5 2. Nf3 Nf6 3. Nxe5 d6 4. Nf3 Nxe4 5. Nc3 Nxc3 6. dxc3 Be7 7. Be3 0-0 8. Qd2 Be6 9. 0-0-0 Nd7 10. Kb1 Ne5 11. Nd4 Bc4 12. Be2 Re8 13. Rhe1 Bf6 14. f4 Bxe2 15. Qxe2 Ng6 16. Qd3 Qd7 17. Re2 Ne7 18. Rde1 Nd5 19. Nf5 Nxe3 20. Nxe3 c6 21. c4 g6 22. g4 a6 23. g5 Bg7 24. f5 b5 25. f6 Bf8 26. h4 h5 27. gxh6 Bxh6 28. h5 Bxe3 29. Rxe3 bxc4 30. Qe2 Rxe3 31. Qxe3 Qf5 32. hxg6 Qxf6 33. gxf7+ Qxf7 34. Rg1+ Kh7 35. Qh3+ 1-0

[Event "Florianopolis Winter op 5th"]
[Site "Florianopolis"]
[Date "2019.08.30"]
[Round "2"]
[White "Ferreira, Angelo Augusto Pach"]
[Black "Doge, Gustavo Postein"]
[Result "0-1"]
[WhiteElo "1369"]
[BlackElo "1756"]
[PlyCount "60"]
[EventDate "2019.08.30"]
[EventType "swiss"]
[EventRounds "7"]
[EventCountry "BRA"]
[SourceTitle "EXT 2020"]
[Source "ChessBase"]
[SourceDate "2019.10.17"]
[SourceVersion "1"]
[SourceVersionDate "2019.10.17"]
[SourceQuality "1"]

1. d4 Nf6 2. c4 c5 3. d5 b5 4. cxb5 a6 5. b6 d6 6. Nc3 g6 7. Nf3 Bg7 8. Nd2 Nbd7 9. e4 Nxb6 10. Bd3 0-0 11. 0-0 e6 12. dxe6 Bxe6 13. a4 Ng4 14. a5 Nd7 15. Bc4 Nge5 16. Be2 Nc6 17. Nf3 Nde5 18. Nxe5 Bxe5 19. f4 Bd4+ 20. Kh1 Nxa5 21. f5 Bc4 22. Bxc4 Nxc4 23. Nd5 Nb6 24. Nxb6 Qxb6 25. f6 Rfe8 26. Qd2 Qd8 27. Qf4 Re6 28. Be3 Rxf6 29. Qg3 Bxb2 30. Rxf6 Qxf6 0-1

[Event "BRA-ch U12"]
[Site "Florianopolis"]
[Date "2019.04.21"]
[Round "6"]
[White "Ferreira, Angelo Augusto Pach"]
[Black "Lanznaster, Joao Vitor"]
[Result "1-0"]
[WhiteElo "1325"]
[BlackElo "1239"]
[PlyCount "64"]
[EventDate "2019.04.18"]
[EventType "swiss"]
[EventRounds "6"]
[EventCountry "BRA"]
[SourceTitle "CBM 190 Extra"]
[Source "ChessBase"]
[SourceDate "2019.07.15"]
[SourceVersion "1"]
[SourceVersionDate "2019.07.15"]
[SourceQuality "1"]

1. d4 d5 2. c4 e6 3. Nc3 Nf6 4. cxd5 exd5 5. Bg5 Be7 6. Qc2 c6 7. e3 Be6 8. Bd3 h6 9. Bh4 0-0 10. Nf3 Nbd7 11. 0-0 Ne8 12. Bxe7 Qxe7 13. Rab1 Nd6 14. Rfc1 Nf6 15. b4 a6 16. a4 b5 17. Ne5 Rac8 18. h3 Nd7 19. Nxd7 Qxd7 20. Ne2 Bf5 21. Nf4 Bxd3 22. Nxd3 Nc4 23. Nc5 Qa7 24. Ra1 Qe7 25. Ra2 Rfd8 26. Rca1 Rd6 27. axb5 cxb5 28. Rxa6 Rxa6 29. Rxa6 g6 30. Qa2 Kg7 31. Ra7 Qe8 32. Kh1 Kg8 1-0

[Event "BRA-ch U12"]
[Site "Florianopolis"]
[Date "2019.04.20"]
[Round "3"]
[White "Alberti, Joao Valmar Bonfim"]
[Black "Ferreira, Angelo Augusto Pach"]
[Result "1-0"]
[WhiteElo "1834"]
[BlackElo "1325"]
[PlyCount "53"]
[EventDate "2019.04.18"]
[EventType "swiss"]
[EventRounds "6"]
[EventCountry "BRA"]
[SourceTitle "CBM 190 Extra"]
[Source "ChessBase"]
[SourceDate "2019.07.15"]
[SourceVersion "1"]
[SourceVersionDate "2019.07.15"]
[SourceQuality "1"]

1. e4 c5 2. Nf3 d6 3. d4 cxd4 4. Nxd4 Nf6 5. Nc3 g6 6. Be3 Bg7 7. f3 0-0 8. Bc4 Nc6 9. Qd2 Bd7 10. 0-0-0 Qa5 11. Bb3 Rfc8 12. g4 Ne5 13. Kb1 b5 14. h4 Nc4 15. Bxc4 bxc4 16. h5 Rab8 17. hxg6 fxg6 18. Ka1 Qb4 19. Rb1 a5 20. Bh6 Bh8 21. Nde2 a4 22. a3 Qb6 23. Nf4 Qc5 24. g5 Nxe4 25. fxe4 Rxb2 26. Rxb2 Qa5 27. Qd5+ 1-0

[Event "Florianopolis op 5th"]
[Site "Florianopolis"]
[Date "2019.01.27"]
[Round "10"]
[White "Eyng, Stefan Kuster"]
[Black "Ferreira, Angelo Augusto Pach"]
[Result "0-1"]
[WhiteElo "1468"]
[BlackElo "1286"]
[PlyCount "76"]
[EventDate "2019.01.21"]
[EventType "swiss"]
[EventRounds "10"]
[EventCountry "BRA"]
[SourceTitle "EXT 2020"]
[Source "ChessBase"]
[SourceDate "2019.10.17"]
[SourceVersion "1"]
[SourceVersionDate "2019.10.17"]
[SourceQuality "1"]

1. e4 c5 2. Nf3 d6 3. d4 cxd4 4. Nxd4 Nf6 5. Nc3 g6 6. Bd3 Bg7 7. 0-0 Nc6 8. Nf3 0-0 9. Re1 a6 10. Bg5 b5 11. Nd5 Nxd5 12. exd5 Ne5 13. c3 Nxf3+ 14. Qxf3 Re8 15. h4 h5 16. Qf4 Bb7 17. Rad1 Rc8 18. Bh6 Be5 19. Qg5 Bf6 20. Qg3 Kh7 21. Qf4 Qa5 22. Bg5 Kg7 23. Bh6+ Kg8 24. g4 hxg4 25. Qxg4 Kh7 26. Qh5 Kg8 27. Bxg6 fxg6 28. Qxg6+ Kh8 29. Rxe7 Rxe7 30. Qxf6+ Kh7 31. Qxe7+ Kxh6 32. Qxb7 Rg8+ 33. Kf1 Qxa2 34. Re1 Qc4+ 35. Re2 Re8 36. Qf7 Qxe2+ 37. Kg1 Qg4+ 38. Kf1 Qh3+ 0-1

[Event "Florianopolis op 5th"]
[Site "Florianopolis"]
[Date "2019.01.22"]
[Round "3"]
[White "Ferreira, Angelo Augusto Pach"]
[Black "Da Silva, Camila Evaristo"]
[Result "0-1"]
[WhiteElo "1286"]
[BlackElo "1633"]
[PlyCount "62"]
[EventDate "2019.01.21"]
[EventType "swiss"]
[EventRounds "10"]
[EventCountry "BRA"]
[SourceTitle "CBM 188 Extra"]
[Source "ChessBase"]
[SourceDate "2019.02.26"]
[SourceVersion "1"]
[SourceVersionDate "2019.02.26"]
[SourceQuality "1"]

1. d4 d5 2. c4 c6 3. Nf3 Nf6 4. Bf4 dxc4 5. e3 b5 6. a4 a5 7. b3 b4 8. Bxc4 Bf5 9. Bxb8 Qxb8 10. Ne5 e6 11. Nxc6 Qc7 12. Bb5 Bd6 13. Nxa5+ Nd7 14. Nc4 0-0 15. Bxd7 Qxd7 16. Nb6 Qc6 17. Nxa8 Qxg2 18. Rf1 Rxa8 19. Qe2 Qg6 20. Kd2 Be4 21. f3 Bd5 22. Rc1 Bxb3 23. Rc6 Be7 24. a5 Bd5 25. Rb6 Rc8 26. e4 Qh6+ 27. Qe3 Bg5 28. exd5 Bxe3+ 29. Kd3 Qf4 30. Rxb4 Qxf3 31. a6 Bf4# 0-1

[Event "Florianopolis op 5th"]
[Site "Florianopolis"]
[Date "2019.01.21"]
[Round "1"]
[White "Ferreira, Angelo Augusto Pach"]
[Black "Moura, Paulo Jorge Alves"]
[Result "1/2-1/2"]
[WhiteElo "1286"]
[BlackElo "1916"]
[PlyCount "42"]
[EventDate "2019.01.21"]
[EventType "swiss"]
[EventRounds "10"]
[EventCountry "BRA"]
[SourceTitle "CBM 188 Extra"]
[Source "ChessBase"]
[SourceDate "2019.02.26"]
[SourceVersion "1"]
[SourceVersionDate "2019.02.26"]
[SourceQuality "1"]

1. d4 d5 2. c4 Nf6 3. Nf3 e6 4. Bg5 Nbd7 5. e3 c6 6. Nc3 Bd6 7. Bd3 0-0 8. 0-0 Re8 9. Re1 e5 10. dxe5 Nxe5 11. Nxe5 Bxe5 12. cxd5 Bxc3 13. bxc3 cxd5 14. Bb5 Re5 15. f4 Re6 16. c4 Rd6 17. Bxf6 gxf6 18. c5 Re6 19. Bc4 Qe8 20. Bxd5 Rxe3 21. Rxe3 Qxe3+ 1/2-1/2

[Event "Florianopolis Regional STD op"]
[Site "Florianopolis"]
[Date "2018.10.12"]
[Round "2"]
[White "Panazzolo, Paulo Victor"]
[Black "Ferreira, Angelo Augusto Pach"]
[Result "1-0"]
[WhiteElo "1728"]
[BlackElo "1259"]
[PlyCount "89"]
[EventDate "2018.10.12"]
[EventType "swiss"]
[EventRounds "6"]
[EventCountry "BRA"]
[SourceTitle "CBM 186 Extra"]
[Source "ChessBase"]
[SourceDate "2018.08.24"]
[SourceVersion "1"]
[SourceVersionDate "2018.08.24"]
[SourceQuality "1"]

1. d4 Nf6 2. Nf3 d5 3. c4 e6 4. Nc3 Bb4 5. Bg5 h6 6. Bxf6 Qxf6 7. e3 0-0 8. Bd3 dxc4 9. Bxc4 Nc6 10. 0-0 b6 11. Ne4 Qf5 12. Bd3 Qa5 13. a3 Be7 14. b4 Qd5 15. Rc1 Bb7 16. Ng3 Rac8 17. e4 Qd7 18. Bb5 a6 19. Ne5 Qd6 20. Bxc6 Bxc6 21. Rxc6 Qd8 22. d5 exd5 23. Qxd5 Qxd5 24. exd5 Rfd8 25. Rd1 Bf6 26. f4 Re8 27. Rdc1 Bxe5 28. fxe5 Rxe5 29. Rxc7 Rxc7 30. Rxc7 Rxd5 31. Rc6 Rb5 32. Ne4 Re5 33. Nd6 Re1+ 34. Kf2 Ra1 35. Rxb6 Rxa3 36. Rb8+ Kh7 37. Nxf7 Ra2+ 38. Kf3 Ra3+ 39. Kf4 Ra2 40. Kg3 Ra3+ 41. Kh4 Ra2 42. Kh3 Ra3+ 43. g3 Rf3 44. Rh8+ Kg6 45. Ne5+ 1-0